00548nam a2200145 a 450000500170000000800410001702000180005805000250007610000210010124500670012226000420018930000240023152001310025565000160038620140412111238.0001116s19uu xx 00 eng d a0-939564-01-7 aTR(GS 652bH245 1984 aHarrison Harriet aLearn to print :cHarriet Harrison.breusable wipe-off pages / aFreeport, NY :bPen Notes Inc,c1984. a12 p. ; col. ; ill. aProfessionally designed using current educational methods to help children learn and improve handwriting skill. Ages 4 and up. aHandwriting